The Great 1990s Quiz Stats

 Plays Quiz Updated Oct 14, 2018

Score 0/82 Timer 12:00
0 Plays Today
Rank Fact % Correct
World Series WinnersNew York Yankees
84.6%
World Series WinnersNew York Yankees
84.6%
World Series WinnersNew York Yankees
84.6%
Time Magazine Persons of the YearBill Clinton & Kenneth Starr
81.7%
Significant World LeadersBill Clinton
81.7%
Time Magazine Persons of the YearBill Clinton
81.7%
Olympics Host CitiesAtlanta, United States
72.1%
Super Bowl WinnersDallas Cowboys
70.8%
Super Bowl WinnersDallas Cowboys
70.8%
Super Bowl WinnersDallas Cowboys
70.8%
Super Bowl WinnersNew York Giants
66.1%
World Series WinnersCincinnati Reds
63.8%
Super Bowl WinnersGreen Bay Packers
63.7%
Super Bowl WinnersSan Francisco 49ers
60.5%
Super Bowl WinnersSan Francisco 49ers
60.5%
Most Watched TV Programs (US)Seinfeld
59.2%
Most Watched TV Programs (US)Seinfeld
59.2%
Main Persian Gulf War Participants Ranked By Number of Military PersonnelIraq
58.9%
Main Persian Gulf War Participants Ranked By Number of Military PersonnelUnited States
58.2%
World Series WinnersAtlanta Braves
57.9%
Time Magazine Persons of the YearThe Peacemakers
57.4%
Super Bowl WinnersDenver Broncos
57.1%
Super Bowl WinnersDenver Broncos
57.1%
Significant World LeadersNelson Mandela
56.2%
Oscar Winners for Best PictureTitanic
54.9%
Main Persian Gulf War Participants Ranked By Number of Military PersonnelFrance
51.8%
Main Persian Gulf War Participants Ranked By Number of Military PersonnelUnited Kingdom
51.7%
World Series WinnersFlorida Marlins
50.8%
Rank Fact % Correct
World Series WinnersToronto Blue Jays
49.8%
World Series WinnersToronto Blue Jays
49.8%
Time Magazine Persons of the YearGeorge H. W. Bush
48.4%
Olympics Host CitiesBarcelona, Spain
45.8%
Super Bowl WinnersWashington Redskins
45.1%
World Series WinnersMinnesota Twins
44.3%
Oscar Winners for Best PictureForrest Gump
43.2%
Most Watched TV Programs (US)Cheers
38.7%
Main Persian Gulf War Participants Ranked By Number of Military PersonnelKuwait
38%
Olympics Host CitiesNagano, Japan
36.2%
Main Persian Gulf War Participants Ranked By Number of Military PersonnelSaudi Arabia
34%
Most Watched TV Programs (US)ER
32.6%
Most Watched TV Programs (US)ER
32.6%
Most Watched TV Programs (US)ER
32.6%
Significant World LeadersBoris Yeltsin
31.5%
World Series WinnersNot Played - Strike
28.8%
Olympics Host CitiesLillehammer, Norway
25.7%
Most Watched TV Programs (US)The Cosby Show & Roseanne (tie)
24.5%
Oscar Winners for Best PictureSchindler's List
22.6%
Significant World LeadersKing Hussein
22.6%
Significant World LeadersJacques Chirac
22%
Oscar Winners for Best PictureShakespeare in Love
20.3%
Oscar Winners for Best PictureDances with Wolves
20.2%
Most Watched TV Programs (US)60 Minutes
20.2%
Most Watched TV Programs (US)60 Minutes
20.2%
Oscar Winners for Best PictureThe Silence of the Lambs
20.1%
Grammy Winners for Record of the YearWhitney Houston (I Will Always Love You)
19.3%
Oscar Winners for Best PictureAmerican Beauty
18.5%
Rank Fact % Correct
Main Persian Gulf War Participants Ranked By Number of Military PersonnelEgypt
18.3%
Oscar Winners for Best PictureBraveheart
17.2%
Oscar Winners for Best PictureThe English Patient
17.2%
Time Magazine Persons of the YearDavid Ho
17.1%
Significant World LeadersHelmut Kohl
15.5%
Significant World LeadersFrançois Mitterrand
14.9%
Grammy Winners for Record of the YearCeline Dion (My Heart Will Go On)
13.8%
Olympics Host CitiesAlbertville, France
13.6%
Main Persian Gulf War Participants Ranked By Number of Military PersonnelSyria
13.3%
Oscar Winners for Best PictureUnforgiven
12.8%
Significant World LeadersF.W. de Klerk
11.4%
Most Watched TV Programs (US)Home Improvement
9.7%
Grammy Winners for Record of the YearEric Clapton (Tears in Heaven)
4.5%
Grammy Winners for Record of the YearEric Clapton (Change the World)
4.3%
Time Magazine Persons of the YearNewt Gingrich
4.1%
Grammy Winners for Record of the YearSheryl Crow (All I Wanna Do)
3.8%
Grammy Winners for Record of the YearSeal (Kiss From a Rose)
3.1%
Grammy Winners for Record of the YearPhil Collins (Another Day in Paradise)
3%
Grammy Winners for Record of the YearNatalie Cole with Nat King Cole (Unforgettable)
2.8%
Main Persian Gulf War Participants Ranked By Number of Military PersonnelMorocco
2.6%
Time Magazine Persons of the YearPope John Paul II
2.4%
Time Magazine Persons of the YearTed Turner
2.2%
Grammy Winners for Record of the YearBette Midler (Wind Beneath My Wings)
2%
Grammy Winners for Record of the YearShawn Colvin (Sunny Came Home)
2%
Time Magazine Persons of the YearJeffrey P. Bezos
1.6%
Time Magazine Persons of the YearAndy Grove
1%

You're not logged in!

Compare scores with friends on all Sporcle quizzes.
OR
Log In

Sporcle TV

Today on Sporcle TV


Watch our educational content, quiz creation guides, and fun videos on Sporcle TV.

Show Comments

Extras

Top Quizzes Today


Score Distribution

Your Account Isn't Verified!

In order to create a playlist on Sporcle, you need to verify the email address you used during registration. Go to your Sporcle Settings to finish the process.

Report this User

Report this user for behavior that violates our Community Guidelines.

Details: